Shikar aur Shikari (Record no. 532620)

000 -LEADER
fixed length control field 00272nam a22001097a 4500
082 ## - DEWEY DECIMAL CLASSIFICATION NUMBER
Classification number A3 Se75 (H)
100 ## - MAIN ENTRY--PERSONAL NAME
Personal name Sethi, Keval Krishna
9 (RLIN) 59154
245 ## - TITLE STATEMENT
Title Shikar aur Shikari
Statement of responsibility, etc by Keval Krishna Sethi
260 ## - PUBLICATION, DISTRIBUTION, ETC. (IMPRINT)
Place of publication, distribution, etc Bhopal
Name of publisher, distributor, etc Kevisa
300 ## - PHYSICAL DESCRIPTION
Extent 126p.
650 ## - SUBJECT ADDED ENTRY--TOPICAL TERM
Topical term or geographic name as entry element Fiction
9 (RLIN) 59155
Holdings
Withdrawn status Lost status Source of classification or shelving scheme Damaged status Koha normalized classification for sorting Not for loan Permanent location Current location Shelving location Date acquired Full call number Barcode Date last seen Price effective from Koha item type
        A_3_000000000000000_SE75_H   Indian Institute of Public Administration Indian Institute of Public Administration On Display 2026-02-19 A3 Se75 (H) Gr25660 2026-02-19 2026-02-19 GR

Powered by Koha